000 00676nam a22002297a 4500
003 UA-OsUOA
001 104215
007 ta
008 20131209b un ||||| |||| 00| 0 ukr d
100 _aВойнаренко М.
700 _aБереза А.
090 _a330(477)
_bВ65
942 _cSA
040 _aUA-OsUOA
_bukr
_cUA-OsUOA
_dUA-OsUOA
245 _aКластерні об'єднання: міжнародний досвід та українські реалії
300 _aС.27-31
955 _a0
041 _aukr
080 _a330(477)
773 0 _w104214
_tЕкономіст
_dК.
_d2013
_g10
650 7 _a330 Економіка взагалі
_2UDC
999 _c390630
_d390630